00471nam a2200109Ia 4500008004100000100002500041245011000066260003600176650009100212650001400303856004400317171212s9999 xx 000 0 und d aDuncan, Martha Grace cDuncan, Martha GraceaRomantic Outlaws, Beloved PrisonsbThe Unconscious Meanings of Crime and Punishment bNew York University Pressc1996 aPrison psychology; Criminal psychology; Prisons in literature; Criminals in literature aSociology uhttp://www.jstor.org/stable/j.ctt9qg6p4